[Event "NAT Grächen VS"]
[Site "?"]
[Date "2013.??.??"]
[Round "2"]
[White "Leutwyler, Martin"]
[Black "Bluhm, Sonja"]
[Result "0-1"]
[WhiteElo "2225"]
[BlackElo "2043"]
[PlyCount "88"]
[SourceDate "2013.07.11"]

1. d4 Nf6 2. Nf3 g6 3. c4 Bg7 4. Nc3 O-O 5. e4 d6 6. Be2 Nbd7 7. O-O e5 8. Be3
Qe7 9. Qc2 exd4 10. Nxd4 c6 11. Nb3 Re8 12. Bd3 Ne5 13. Nd2 Be6 14. f3 d5 15.
cxd5 cxd5 16. Bb5 Red8 17. Bd4 dxe4 18. Bxe5 Qc5+ 19. Kh1 e3 20. Bxf6 Rxd2 21.
Qa4 Bxf6 22. Ne4 Qd4 23. Qxd4 Bxd4 24. Nxd2 exd2 25. Rad1 Be3 26. b3 Bf5 27. g4
Bc2 28. Kg2 a6 29. Bc4 b5 30. Be2 Re8 31. Rh1 Bg5 32. Kf1 Bxd1 33. Bxd1 Re1+
34. Kg2 Bh4 35. f4 b4 36. Rf1 Kf8 37. Bc2 Ke7 38. f5 Kd6 39. fxg6 fxg6 40. h3
Kc5 41. Bd1 Bg5 42. Bc2 Kd4 43. Rf7 Kc3 44. Rc7+ Kb2 0-1

[Event "NAT Grächen VS"]
[Site "?"]
[Date "2013.??.??"]
[Round "2"]
[White "Simon, Ralf-Axel"]
[Black "Allgaier, Erik"]
[Result "1-0"]
[WhiteElo "2203"]
[BlackElo "2034"]
[PlyCount "67"]
[SourceDate "2013.07.11"]

1. d4 g6 2. c4 Bg7 3. e4 d6 4. Ne2 e5 5. Be3 Nf6 6. f3 h5 7. Qd2 Qe7 8. Nbc3 c6
9. O-O-O Na6 10. Kb1 Bd7 11. Nc1 Nc7 12. Nb3 b6 13. dxe5 dxe5 14. c5 b5 15. a4
a6 16. Na5 O-O 17. Qd6 Qxd6 18. Rxd6 bxa4 19. Nxc6 Bxc6 20. Rxc6 Nb5 21. Bxb5
axb5 22. Nxb5 a3 23. Nxa3 Rfb8 24. Rb6 Nd7 25. Rxb8+ Nxb8 26. Rd1 Nc6 27. Rd6
Na5 28. b4 Bf8 29. bxa5 Bxd6 30. cxd6 Kf8 31. Bb6 Ke8 32. Nc4 f6 33. Bc7 Ra7
34. Nb6 1-0

[Event "NAT Grächen VS"]
[Site "?"]
[Date "2013.??.??"]
[Round "2"]
[White "Schneuwly, Achim"]
[Black "Hund, Barbara"]
[Result "1/2-1/2"]
[WhiteElo "2195"]
[BlackElo "2070"]
[PlyCount "41"]
[SourceDate "2013.07.11"]

1. d4 Nf6 2. Nf3 d5 3. e3 Bf5 4. c4 c6 5. Qb3 Qb6 6. Nc3 e6 7. Nh4 Qxb3 8. axb3
Bc2 9. c5 Bxb3 10. Bd3 Nfd7 11. Nf3 Bc4 12. Bxc4 dxc4 13. Ke2 Be7 14. Ne4 O-O
15. Ned2 b5 16. cxb6 Nxb6 17. Ne5 c5 18. dxc5 Bxc5 19. Ndxc4 N8d7 20. Nxd7 Nxd7
21. Bd2 1/2-1/2

[Event "NAT Grächen VS"]
[Site "?"]
[Date "2013.??.??"]
[Round "2"]
[White "Stoeri, Laura"]
[Black "Thürig, Catherine"]
[Result "1-0"]
[WhiteElo "2186"]
[BlackElo "2019"]
[PlyCount "101"]
[SourceDate "2013.07.11"]

1. e4 c6 2. c4 d5 3. exd5 cxd5 4. cxd5 Nf6 5. Nc3 a6 6. Qb3 Nbd7 7. d4 Nb6 8.
Nf3 Nbxd5 9. Bc4 e6 10. O-O Be7 11. a4 O-O 12. a5 Nb4 13. Bg5 Nc6 14. Qb6 Qxb6
15. axb6 h6 16. Be3 Nb4 17. Rfc1 Bd8 18. Bf4 Nbd5 19. Nxd5 exd5 20. Bxa6 Bxb6
21. Bb5 Bg4 22. Be3 Bf5 23. Ne5 Rfd8 24. h3 Rxa1 25. Rxa1 Ne4 26. g4 Be6 27.
Bd3 g5 28. Kf1 f6 29. Nf3 Kf7 30. Ke2 h5 31. Rg1 Ra8 32. Nd2 Nxd2 33. Kxd2 h4
34. Rf1 Kg7 35. f4 Bd8 36. Rc1 Bd7 37. Rc5 Bc6 38. Rc1 Be7 39. Kc2 Ra4 40. Rf1
Rb4 41. fxg5 fxg5 42. Bd2 Ba4+ 43. Kb1 Rb6 44. Rf5 Re6 45. Rxd5 Bc6 46. Rf5 Bg2
47. d5 Rg6 48. Bc3+ Kh6 49. Rf7 Bd6 50. Bxg6 Kxg6 51. Rf6+ 1-0

[Event "NAT Grächen VS"]
[Site "?"]
[Date "2013.??.??"]
[Round "2"]
[White "Pomini, Aurelien"]
[Black "Schafer, Ezio"]
[Result "1-0"]
[WhiteElo "2165"]
[BlackElo "2008"]
[PlyCount "81"]
[SourceDate "2013.07.11"]

1. e4 c5 2. Nf3 d6 3. d4 cxd4 4. Nxd4 Nf6 5. Nc3 e6 6. Be2 Nc6 7. O-O Be7 8.
Be3 O-O 9. f4 e5 10. Nf5 Bxf5 11. exf5 exf4 12. Rxf4 d5 13. Nb5 a6 14. Nd4 Bd6
15. Rh4 Re8 16. Nxc6 bxc6 17. Qd3 Ne4 18. Rh3 Qe7 19. Rf1 Ng5 20. Bxg5 Qxg5 21.
Kh1 Re4 22. Bf3 Rh4 23. Bd1 Re8 24. Rxh4 Qxh4 25. g3 Qe4+ 26. Qxe4 Rxe4 27. Bf3
Re3 28. Kg2 Kf8 29. Rd1 Ke7 30. Rd4 Bc7 31. c4 Bb6 32. Rh4 h6 33. cxd5 cxd5 34.
Rb4 Bc5 35. Rb7+ Kf6 36. Bxd5 Re7 37. Rb3 Kxf5 38. Bc4 Ra7 39. Rf3+ Kg6 40.
Bd3+ f5 41. Rxf5 1-0

[Event "NAT Grächen VS"]
[Site "?"]
[Date "2013.??.??"]
[Round "2"]
[White "Wirz, Heinz"]
[Black "Marro, Christian"]
[Result "1-0"]
[WhiteElo "2155"]
[BlackElo "1995"]
[PlyCount "103"]
[SourceDate "2013.07.11"]

1. d4 Nf6 2. Nf3 e6 3. g3 b6 4. Bg2 Bb7 5. O-O Be7 6. b3 O-O 7. Bb2 d6 8. c4
Nbd7 9. Nc3 Ne4 10. Qc2 Nxc3 11. Bxc3 f5 12. Ne1 Bxg2 13. Nxg2 Bg5 14. f4 Be7
15. e4 g6 16. Qe2 Rf7 17. exf5 exf5 18. Rae1 Nf6 19. Qe6 Ne4 20. Rxe4 fxe4 21.
Ne3 Bf8 22. Qxe4 Qe8 23. Qf3 c6 24. d5 c5 25. Ng4 Bg7 26. Re1 Re7 27. Re6 h5
28. Nf6+ Bxf6 29. Bxf6 Rxe6 30. dxe6 Rc8 31. Qb7 Qf8 32. Qd7 Re8 33. Bg5 Kh8
34. e7 Qf7 35. Qxd6 Qf5 36. Qd5 Kg7 37. Kg2 Qxd5+ 38. cxd5 Kf7 39. Kf3 Rc8 40.
Ke4 Ke8 41. Ke5 Kd7 42. Kf6 b5 43. Kxg6 c4 44. bxc4 bxc4 45. Kf7 c3 46. f5 c2
47. f6 Rh8 48. Kg7 Rc8 49. f7 c1=Q 50. Bxc1 Kxe7 51. Ba3+ Kd7 52. f8=Q 1-0

[Event "NAT Grächen VS"]
[Site "?"]
[Date "2013.??.??"]
[Round "2"]
[White "Zaza, Ludovic"]
[Black "Schweizer, Simon"]
[Result "1-0"]
[WhiteElo "2039"]
[BlackElo "2154"]
[PlyCount "45"]
[SourceDate "2013.07.11"]

1. e4 e5 2. Nf3 Nc6 3. Bc4 Bc5 4. c3 Nf6 5. d3 a6 6. Bb3 Ba7 7. Nbd2 d6 8. h3
O-O 9. Nf1 Ne7 10. Ng3 Ng6 11. Nh2 Be6 12. Ng4 Nd7 13. h4 Nc5 14. Bc2 f6 15.
Nf5 Ne7 16. Qf3 Kh8 17. h5 Ng8 18. Nh4 Ne7 19. Ng6+ Kg8 20. Nxf8 Qxf8 21. h6 g6
22. Nxf6+ Kh8 23. Bg5 1-0

[Event "NAT Grächen VS"]
[Site "?"]
[Date "2013.??.??"]
[Round "3"]
[White "Bauer, Christian"]
[Black "Bluhm, Sonja"]
[Result "1-0"]
[WhiteElo "2637"]
[BlackElo "2043"]
[PlyCount "55"]
[SourceDate "2013.07.11"]

1. g3 g6 2. Bg2 Bg7 3. d4 Nf6 4. e4 d6 5. Ne2 Nbd7 6. O-O e5 7. Nbc3 O-O 8. h3
exd4 9. Nxd4 Re8 10. Re1 Nc5 11. Nb3 Nxb3 12. axb3 Nd7 13. Be3 a6 14. Bd4 Bf8
15. Qd2 c5 16. Be3 Ne5 17. f4 Nc6 18. Rad1 Be6 19. Qf2 Qc8 20. f5 Bd7 21. Nd5
Qd8 22. fxg6 hxg6 23. Nf6+ Kg7 24. Bg5 Qc7 25. Rf1 Be6 26. g4 Be7 27. Bh6+ Kh8
28. Qh4 1-0

[Event "NAT Grächen VS"]
[Site "?"]
[Date "2013.??.??"]
[Round "3"]
[White "Saikrishnan, Sai"]
[Black "Miezis, Normunds"]
[Result "0-1"]
[WhiteElo "1979"]
[BlackElo "2548"]
[PlyCount "70"]
[SourceDate "2013.07.11"]

1. d4 Nf6 2. c4 c5 3. d5 e6 4. Nc3 exd5 5. cxd5 Bd6 6. Nf3 Bc7 7. Bg5 d6 8. e4
O-O 9. Bd3 a6 10. a4 Re8 11. O-O h6 12. Bh4 Nbd7 13. Qc2 Nf8 14. Rae1 Ng6 15.
Bg3 Nh5 16. Nd2 Nxg3 17. hxg3 Ne5 18. Nc4 Rb8 19. Ne3 Nxd3 20. Qxd3 b5 21. b3
Ba5 22. Rc1 Qf6 23. Ne2 Qe5 24. Nd1 Qxe4 25. Qxe4 Rxe4 26. Ndc3 Re7 27. axb5
axb5 28. Ra1 Bb4 29. Rfc1 g5 30. Kf1 Bf5 31. Ra2 Bd3 32. Rd2 c4 33. bxc4 Bxc4
34. Rcc2 Ra8 35. Nb1 Bxd2 0-1

[Event "NAT Grächen VS"]
[Site "?"]
[Date "2013.??.??"]
[Round "3"]
[White "Raetsky, Alexander"]
[Black "Zaza, Ludovic"]
[Result "1-0"]
[WhiteElo "2412"]
[BlackElo "2039"]
[PlyCount "59"]
[SourceDate "2013.07.11"]

1. e4 c5 2. Nf3 a6 3. c3 d5 4. exd5 Nf6 5. d4 Qxd5 6. Be2 e6 7. O-O Nc6 8. Bg5
Be7 9. c4 Qd6 10. dxc5 Qxd1 11. Rxd1 Ne4 12. Be3 Nxc5 13. Nc3 O-O 14. Rab1 a5
15. Nd4 e5 16. Ndb5 Bf5 17. Nd5 Bxb1 18. Nxe7+ Nxe7 19. Bxc5 Bxa2 20. Bxe7 Rfc8
21. c5 Bb3 22. Rd7 b6 23. Na7 Rxc5 24. Bxc5 bxc5 25. Bf3 Re8 26. Nb5 Ba4 27.
Rb7 Rd8 28. Nc3 Bc2 29. Bd5 Bg6 30. g4 1-0

[Event "NAT Grächen VS"]
[Site "?"]
[Date "2013.??.??"]
[Round "3"]
[White "Zahn, Alina"]
[Black "Lötscher, Roland"]
[Result "0-1"]
[WhiteElo "1968"]
[BlackElo "2406"]
[PlyCount "52"]
[SourceDate "2013.07.11"]

1. e4 e5 2. Bc4 Nf6 3. d3 Nc6 4. Nf3 Bc5 5. c3 O-O 6. Bb3 d5 7. Qe2 h6 8. h3 a5
9. O-O a4 10. Bc2 Re8 11. Re1 b5 12. exd5 Qxd5 13. c4 bxc4 14. dxc4 Qd7 15. Rd1
Nd4 16. Nxd4 Bxd4 17. Nc3 Bb7 18. Re1 a3 19. Rb1 Qc6 20. Ne4 Nxe4 21. Bxe4 Qxe4
22. Qxe4 Bxe4 23. Rxe4 axb2 24. Be3 f5 25. Rh4 Bxe3 26. fxe3 Rxa2 0-1

[Event "NAT Grächen VS"]
[Site "?"]
[Date "2013.??.??"]
[Round "3"]
[White "Burnier, David"]
[Black "Stojanovic, Mihajlo"]
[Result "0-1"]
[WhiteElo "2358"]
[BlackElo "2564"]
[PlyCount "62"]
[SourceDate "2013.07.11"]

1. e4 e6 2. d4 d5 3. Nd2 c5 4. Ngf3 cxd4 5. exd5 Qxd5 6. Bc4 Qd6 7. Qe2 Nf6 8.
Nb3 Nc6 9. Bg5 a6 10. O-O-O b5 11. Bd3 Be7 12. Kb1 Bd7 13. Rhe1 Rd8 14. Bh4 Qd5
15. h3 g6 16. c4 dxc3 17. bxc3 Qd6 18. Bxf6 Bxf6 19. Bxg6 Qe7 20. Be4 Bxc3 21.
Rg1 Bg7 22. g4 O-O 23. g5 a5 24. Qc2 a4 25. Nc5 Nb4 26. Bxh7+ Kh8 27. Qe4 Qxc5
28. Qh4 Rfe8 29. Rc1 Qd6 30. Rgd1 Nd5 31. Be4+ Kg8 0-1

[Event "NAT Grächen VS"]
[Site "?"]
[Date "2013.??.??"]
[Round "3"]
[White "Sokolov, Andrei"]
[Black "Känel, Hans-Jürg"]
[Result "1-0"]
[WhiteElo "2563"]
[BlackElo "2331"]
[PlyCount "79"]
[SourceDate "2013.07.11"]

1. e4 c5 2. Nf3 e6 3. g3 Nc6 4. Bg2 Nf6 5. Nc3 d5 6. exd5 Nxd5 7. Nxd5 Qxd5 8.
O-O Be7 9. b3 Bf6 10. c3 Qd8 11. a4 O-O 12. Ba3 Be7 13. d4 cxd4 14. Bxe7 Qxe7
15. Nxd4 Nxd4 16. Qxd4 Rd8 17. Qe3 Qc7 18. a5 a6 19. Qb6 Rd7 20. Rfd1 g6 21. c4
Qxb6 22. axb6 Rb8 23. f4 Kf8 24. Kf2 Ke7 25. Ke3 f6 26. c5 Rxd1 27. Rxd1 Bd7
28. b4 h5 29. Be4 g5 30. fxg5 fxg5 31. h4 gxh4 32. gxh4 Ba4 33. Rg1 Bc6 34.
Bxc6 bxc6 35. Rg7+ Kf6 36. Rc7 Ke5 37. Rxc6 Kd5 38. Rc7 Kc4 39. b7 Kxb4 40. c6
1-0

[Event "NAT Grächen VS"]
[Site "?"]
[Date "2013.??.??"]
[Round "3"]
[White "Gallagher, Joseph"]
[Black "Schneuwly, Achim"]
[Result "1-0"]
[WhiteElo "2526"]
[BlackElo "2070"]
[PlyCount "55"]
[SourceDate "2013.07.11"]

1. e4 c5 2. Nf3 Nc6 3. d4 cxd4 4. Nxd4 Qc7 5. Nc3 Nf6 6. Ndb5 Qb8 7. Nd5 Nxd5
8. exd5 a6 9. Nc3 Ne5 10. Be2 d6 11. Be3 b5 12. Bd4 f6 13. O-O g6 14. f4 Nf7
15. Qd2 Bg7 16. a4 b4 17. Na2 a5 18. Bb5+ Bd7 19. Bxd7+ Kxd7 20. Rfe1 Ke8 21.
Re2 Qb7 22. Rae1 Qxd5 23. Rxe7+ Kf8 24. Qe3 Ne5 25. Rc7 Qxa2 26. fxe5 dxe5 27.
Bxe5 h5 28. Bd6+ 1-0

[Event "NAT Grächen VS"]
[Site "?"]
[Date "2013.??.??"]
[Round "3"]
[White "Gerber, Richard"]
[Black "Bischofberger, Dario"]
[Result "1-0"]
[WhiteElo "2449"]
[BlackElo "1973"]
[PlyCount "57"]
[SourceDate "2013.07.11"]

1. d4 e6 2. c4 f5 3. g3 Nf6 4. Bg2 d5 5. Nf3 c6 6. O-O Bd6 7. Qc2 O-O 8. Nc3
Ne4 9. Rb1 a5 10. a3 Nd7 11. c5 Bc7 12. Bf4 Bxf4 13. gxf4 Ndf6 14. Ne5 Nh5 15.
e3 g5 16. fxg5 Nxg5 17. f4 Nf7 18. Kh1 Kh8 19. Bf3 Nf6 20. Rg1 Nxe5 21. fxe5
Ne8 22. Qg2 Qe7 23. Ne2 Qf7 24. Nf4 Rg8 25. Qh3 Rxg1+ 26. Rxg1 Ng7 27. Rg6 Kg8
28. Rh6 Ne8 29. Bh5 1-0

[Event "NAT Grächen VS"]
[Site "?"]
[Date "2013.??.??"]
[Round "3"]
[White "Friedrich, Norbert"]
[Black "Cebalo, Miso"]
[Result "1/2-1/2"]
[WhiteElo "2315"]
[BlackElo "2438"]
[PlyCount "78"]
[SourceDate "2013.07.11"]

1. e4 c5 2. Nf3 g6 3. c4 Nc6 4. d4 cxd4 5. Nxd4 Nf6 6. Nc3 Nxd4 7. Qxd4 d6 8.
Be2 Bg7 9. Be3 O-O 10. Qd2 a5 11. Rc1 a4 12. f3 Qa5 13. Rc2 Bd7 14. Nd5 Nxd5
15. cxd5 Rfc8 16. Qxa5 Rxa5 17. Kd2 Rxc2+ 18. Kxc2 e6 19. Rd1 Ra8 20. Kb1 a3
21. b3 Be5 22. f4 Bb2 23. dxe6 Bxe6 24. Bd4 Bxd4 25. Rxd4 Rd8 26. g4 f5 27.
gxf5 gxf5 28. e5 Kf7 29. exd6 Bd7 30. Bf3 b5 31. b4 Rc8 32. Rd3 Kf6 33. Bd5 Be6
34. Bxe6 Kxe6 35. d7 Rd8 36. Kc2 Rxd7 37. Rxd7 Kxd7 38. Kb3 Kd6 39. Kc3 Kd5
1/2-1/2

[Event "NAT Grächen VS"]
[Site "?"]
[Date "2013.??.??"]
[Round "3"]
[White "Buss, Ralph"]
[Black "Zindel, Ernst"]
[Result "1-0"]
[WhiteElo "2395"]
[BlackElo "1967"]
[PlyCount "73"]
[SourceDate "2013.07.11"]

1. Nf3 Nf6 2. c4 e6 3. g3 d5 4. Bg2 Be7 5. O-O O-O 6. d4 c5 7. cxd5 exd5 8. Nc3
Nc6 9. Bg5 Be6 10. dxc5 Bxc5 11. Bxf6 gxf6 12. Rc1 Be7 13. Qd2 Qa5 14. Rfd1
Rfd8 15. Qf4 Rac8 16. Rd2 Qb4 17. Rcd1 a6 18. Nxd5 Rxd5 19. Rxd5 Qxf4 20. gxf4
Bxd5 21. Rxd5 Rc7 22. Rd1 Kf8 23. Nh4 Ke8 24. Be4 h6 25. Nf5 Bf8 26. Kg2 Rd7
27. Bxc6 bxc6 28. Rxd7 Kxd7 29. Kf3 Ke6 30. Ke4 Kd7 31. h4 Ke6 32. h5 Kd7 33.
Kd4 Ke6 34. e4 Kd7 35. Ne3 Be7 36. f5 Kc7 37. Ng4 1-0

[Event "NAT Grächen VS"]
[Site "?"]
[Date "2013.??.??"]
[Round "3"]
[White "Dietiker, Manuel"]
[Black "Klauser, Markus"]
[Result "0-1"]
[WhiteElo "1954"]
[BlackElo "2382"]
[PlyCount "46"]
[SourceDate "2013.07.11"]

1. Nf3 Nf6 2. g3 b5 3. Bg2 Bb7 4. Na3 a6 5. c4 e5 6. cxb5 Bxa3 7. bxa6 Bxf3 8.
Bxf3 e4 9. Bg2 Be7 10. O-O Rxa6 11. d3 exd3 12. Qxd3 O-O 13. Rd1 Rd6 14. Qc2
Rxd1+ 15. Qxd1 d5 16. Bf4 c6 17. Rc1 Bd6 18. Be3 Re8 19. Qb3 Qe7 20. Rc2 h6 21.
a4 Ng4 22. Bd4 c5 23. h3 Nc6 0-1

[Event "NAT Grächen VS"]
[Site "?"]
[Date "2013.??.??"]
[Round "3"]
[White "Eschle, Hubert"]
[Black "Huss, Andreas"]
[Result "0-1"]
[WhiteElo "1929"]
[BlackElo "2365"]
[PlyCount "76"]
[SourceDate "2013.07.11"]

1. e4 e6 2. d4 d5 3. Nc3 Bb4 4. e5 Qd7 5. Qg4 f5 6. Qg3 b6 7. Nh3 Ba6 8. Bxa6
Nxa6 9. O-O Bxc3 10. bxc3 c5 11. Nf4 Kf7 12. c4 Ne7 13. cxd5 Nxd5 14. Nh5 g6
15. Bh6 cxd4 16. Rad1 Rhg8 17. Nf6 Nxf6 18. exf6 Nc5 19. Bg7 Rac8 20. Qh4 h5
21. Rxd4 Qc7 22. Qg5 e5 23. Rc4 Qd7 24. Rxc5 Rxc5 25. Qh6 Rd8 26. Qh7 Ke6 27.
Qxg6 Qf7 28. Qg3 Rdd5 29. Qb3 Kd6 30. Qf3 e4 31. Qf4+ Kc6 32. Qb8 Rd7 33. a4
Rcd5 34. h3 Rd8 35. Qg3 Kb7 36. Qb3 R5d7 37. c4 Rc8 38. Qb5 Rxc4 0-1

[Event "NAT Grächen VS"]
[Site "?"]
[Date "2013.??.??"]
[Round "3"]
[White "Lombard, André"]
[Black "Hugentobler, Patrik"]
[Result "1/2-1/2"]
[WhiteElo "2364"]
[BlackElo "2238"]
[PlyCount "33"]
[SourceDate "2013.07.11"]

1. d4 Nf6 2. Nf3 g6 3. Bf4 Bg7 4. e3 d6 5. h3 O-O 6. Be2 c5 7. O-O b6 8. Nc3
cxd4 9. exd4 Ba6 10. Re1 Re8 11. Nb5 Nd5 12. Bg3 Nc7 13. a4 Qd7 14. c4 Nxb5 15.
axb5 Bb7 16. b4 a6 17. Rc1 1/2-1/2

[Event "NAT Grächen VS"]
[Site "?"]
[Date "2013.??.??"]
[Round "3"]
[White "Künzli, Simon"]
[Black "Kosteniuk, Alexandra"]
[Result "1/2-1/2"]
[WhiteElo "2037"]
[BlackElo "2521"]
[PlyCount "179"]
[SourceDate "2013.07.11"]

1. e4 c5 2. Nf3 Nc6 3. d4 cxd4 4. Nxd4 Nf6 5. Nc3 d6 6. Be3 e5 7. Nb3 Be7 8. f3
O-O 9. Qd2 a5 10. Na4 d5 11. Bb6 Qd7 12. exd5 Qxd5 13. O-O-O Qxd2+ 14. Nxd2 Bf5
15. Bc5 Rac8 16. Bxe7 Nxe7 17. Nc3 Ned5 18. Nde4 Nxc3 19. Nxc3 Rfd8 20. Rxd8+
Rxd8 21. Be2 Kf8 22. Re1 Rc8 23. Bb5 Rc5 24. a4 h5 25. h4 Ke7 26. Kd2 Be6 27.
Re3 Nd7 28. Bxd7 Bxd7 29. b3 f6 30. Ne4 Rc8 31. Rc3 Bc6 32. Rc5 Ra8 33. Ke3 Kd7
34. Ng3 Kd6 35. Rc3 g6 36. Ne4+ Ke7 37. Rc5 Ke6 38. Nd2 Bd5 39. Nc4 Bxc4 40.
Rxc4 Kd6 41. c3 Rb8 42. f4 Re8 43. Kf3 b6 44. fxe5+ fxe5 45. b4 Kd5 46. Rc7
Rf8+ 47. Ke3 Rf4 48. g3 Rg4 49. bxa5 bxa5 50. Rd7+ Ke6 51. Ra7 Rxa4 52. c4 Kf5
53. Ra6 Ra3+ 54. Kf2 Ra2+ 55. Ke3 a4 56. c5 a3 57. c6 Rc2 58. Rxa3 Rxc6 59. Rb3
Re6 60. Ra3 Kg4 61. Ke4 Rf6 62. Rb3 Rf1 63. Kxe5 Rf3 64. Rb6 Rxg3 65. Rxg6+
Kxh4 66. Ra6 Rf3 67. Rg6 Kh3 68. Ke4 Rf1 69. Ke3 h4 70. Ke2 Rf5 71. Rg8 Kh2 72.
Rg4 h3 73. Rg8 Kh1 74. Rg7 Ra5 75. Rg3 Ra2+ 76. Kf1 Kh2 77. Rg8 Rg2 78. Rf8
Rg1+ 79. Kf2 Ra1 80. Rg8 Ra2+ 81. Kf1 Rg2 82. Rf8 Rg5 83. Kf2 Rg6 84. Rf7 Ra6
85. Rf8 Ra2+ 86. Kf1 Kg3 87. Rg8+ Kf3 88. Rf8+ Kg3 89. Rg8+ Kf3 90. Rf8+
1/2-1/2

[Event "NAT Grächen VS"]
[Site "?"]
[Date "2013.??.??"]
[Round "3"]
[White "Allgaier, Erik"]
[Black "Carron, Julien"]
[Result "0-1"]
[WhiteElo "2034"]
[BlackElo "2376"]
[PlyCount "100"]
[SourceDate "2013.07.11"]

1. c4 Nf6 2. g3 e6 3. Bg2 d5 4. Nf3 dxc4 5. Qa4+ Nbd7 6. Qxc4 c5 7. O-O b6 8.
Nd4 Ne5 9. Nc6 Nxc4 10. Nxd8 Rb8 11. Nc6 Rb7 12. Nc3 Nd6 13. e4 Nd7 14. d3 f6
15. f4 e5 16. Nd5 Nf7 17. Be3 Nb8 18. Nxb8 Rxb8 19. Nc7+ Kd8 20. Nb5 a6 21. Nc3
Bd6 22. b4 cxb4 23. Nd5 Bc5 24. fxe5 Bxe3+ 25. Nxe3 Nxe5 26. d4 Ng4 27. Nd5 Bb7
28. Rf4 h5 29. Nxb4 Ne3 30. d5 a5 31. Nc6+ Bxc6 32. dxc6 Rc8 33. Rc1 Nxg2 34.
Kxg2 Re8 35. Rd1+ Ke7 36. Rd7+ Ke6 37. Rxg7 Rxc6 38. Rh7 Rc2+ 39. Kh3 Rxa2 40.
Rxh5 Rb2 41. Rh6 Rf8 42. g4 Ke5 43. Rf5+ Kxe4 44. Rfxf6 Rxf6 45. Rxf6 a4 46.
Rf8 a3 47. Ra8 a2 48. Kg3 b5 49. h4 b4 50. h5 Rb3+ 0-1

[Event "NAT Grächen VS"]
[Site "?"]
[Date "2013.??.??"]
[Round "3"]
[White "Grandadam, Nicolas"]
[Black "Züst, Leonard"]
[Result "1-0"]
[WhiteElo "2344"]
[BlackElo "2037"]
[PlyCount "75"]
[SourceDate "2013.07.11"]

1. Nf3 Nf6 2. c4 e6 3. d4 c5 4. Nc3 cxd4 5. Nxd4 Nc6 6. g3 Qb6 7. Ndb5 a6 8.
Nd6+ Bxd6 9. Qxd6 Qb4 10. Qxb4 Nxb4 11. Rb1 d5 12. a3 Nc6 13. Na4 dxc4 14. Nb6
Rb8 15. Bg2 Bd7 16. Be3 e5 17. Nxc4 O-O 18. O-O Be6 19. Rbc1 Nd5 20. Bc5 Rfd8
21. Rfd1 f6 22. Bd6 Nd4 23. Rxd4 exd4 24. Bxb8 Rxb8 25. Na5 b6 26. Nc6 Re8 27.
Nxd4 Bf7 28. e3 b5 29. Rc6 b4 30. Rxa6 bxa3 31. Rxa3 Rb8 32. Nc6 Re8 33. Ra7
Nb6 34. Bf3 Nc4 35. Rxf7 Kxf7 36. Bd5+ Kg6 37. Bxc4 Kf5 38. Bd3+ 1-0

[Event "NAT Grächen VS"]
[Site "?"]
[Date "2013.??.??"]
[Round "3"]
[White "Thürig, Catherine"]
[Black "Habibi, Ali"]
[Result "0-1"]
[WhiteElo "2019"]
[BlackElo "2265"]
[PlyCount "80"]
[SourceDate "2013.07.11"]

1. e4 c5 2. c3 Qa5 3. f4 e6 4. d3 d5 5. e5 Nc6 6. Nf3 Nge7 7. Nbd2 b5 8. g3 Nf5
9. Nb3 Qb6 10. g4 Nfe7 11. Be3 d4 12. Bf2 Nd5 13. Qd2 a5 14. c4 bxc4 15. dxc4
Ndb4 16. a3 Na6 17. Nc1 h5 18. gxh5 Bb7 19. Bg2 Rxh5 20. Nd3 g6 21. Bg3 Ne7 22.
Nh4 Rb8 23. Qc2 Bxg2 24. Nxg2 Qc6 25. Kf2 Nf5 26. Rae1 Be7 27. Qd2 Rb3 28. Nc1
Rf3+ 29. Kg1 a4 30. Ne2 d3 31. Nc1 Qd7 32. Bf2 g5 33. Rd1 Rhh3 34. Ne1 Rxf4 35.
Ncxd3 Rg4+ 36. Ng2 Qc6 37. Nde1 Rxc4 38. Ne3 Nxe3 39. Bxe3 Rg4+ 40. Ng2 Rxe3
0-1

[Event "NAT Grächen VS"]
[Site "?"]
[Date "2013.??.??"]
[Round "3"]
[White "Salzgeber, Frank"]
[Black "Arquint, Andri"]
[Result "1/2-1/2"]
[WhiteElo "2209"]
[BlackElo "2023"]
[PlyCount "101"]
[SourceDate "2013.07.11"]

1. d4 Nf6 2. c4 e6 3. Nc3 Bb4 4. e3 O-O 5. Bd3 Nc6 6. Nf3 d6 7. O-O Bxc3 8.
bxc3 e5 9. Nd2 Re8 10. h3 e4 11. Be2 Bf5 12. Re1 Qd7 13. Bf1 h5 14. Nb3 g5 15.
a4 a5 16. Nd2 Kh8 17. f3 exf3 18. Qxf3 Kg7 19. e4 Bg6 20. Bd3 Nh7 21. Nf1 f5
22. Bd2 fxe4 23. Bxe4 Bxe4 24. Rxe4 Rxe4 25. Qxe4 Re8 26. Qd3 Qf7 27. Ng3 Qg6
28. Qxg6+ Kxg6 29. Kf2 Nf6 30. Rb1 h4 31. Nf1 b6 32. Rb5 Ne4+ 33. Kf3 Na7 34.
Rb1 Nxd2+ 35. Nxd2 Rf8+ 36. Ke3 Re8+ 37. Ne4 Rf8 38. Nf2 Nc6 39. Ng4 Ne7 40.
Kd3 Rf5 41. Re1 Ng8 42. Re8 Nf6 43. Nxf6 Rxf6 44. Rg8+ Kh6 45. Ke2 Rf5 46. Re8
Rf7 47. Rg8 Rf5 48. Rc8 Rf7 49. Rg8 Rf4 50. Rc8 Rf7 51. Rg8 1/2-1/2

[Event "NAT Grächen VS"]
[Site "?"]
[Date "2013.??.??"]
[Round "3"]
[White "Marro, Christian"]
[Black "Stoeri, Laura"]
[Result "0-1"]
[WhiteElo "1995"]
[BlackElo "2186"]
[PlyCount "92"]
[SourceDate "2013.07.11"]

1. Nf3 Nf6 2. c4 c5 3. Nc3 Nc6 4. d4 cxd4 5. Nxd4 e6 6. g3 Qb6 7. Ndb5 Ne5 8.
Bf4 Nfg4 9. e3 Qc6 10. e4 Bc5 11. Bxe5 Nxe5 12. f4 Ng6 13. Qd3 a6 14. Nd4 Qc7
15. O-O-O O-O 16. Nb3 Be7 17. e5 b5 18. cxb5 axb5 19. Kb1 b4 20. Ne4 Qa7 21.
Nc1 Bb7 22. b3 Rfc8 23. Bg2 Rxc1+ 24. Kxc1 Qa3+ 25. Kd2 Qxa2+ 26. Qc2 Qxc2+ 27.
Kxc2 Ra2+ 28. Kc1 Rxg2 29. Rhe1 Bd5 30. f5 Nxe5 31. fxe6 dxe6 32. Kb1 f5 33.
Nc5 Bxc5 34. Rxe5 g6 35. Rdxd5 exd5 36. Rxd5 Be7 37. h4 Rxg3 38. h5 Rxb3+ 39.
Kc2 Rc3+ 40. Kb2 Bf6 41. Kb1 Ra3 42. Rd6 Bg7 43. hxg6 hxg6 44. Rxg6 b3 45. Kc1
Ra1+ 46. Kd2 b2 0-1

[Event "ST Grächen VS"]
[Site "?"]
[Date "2013.??.??"]
[Round "1"]
[White "Vulevic, Vjekoslav"]
[Black "Moret, Jean-Paul"]
[Result "1-0"]
[WhiteElo "2340"]
[BlackElo "2000"]
[PlyCount "65"]
[SourceDate "2013.07.11"]

1. d4 d5 2. c4 dxc4 3. Nc3 a6 4. e3 Nf6 5. Bxc4 e6 6. Nf3 b5 7. Bb3 Bb7 8. O-O
Be7 9. Qe2 c5 10. dxc5 Qc7 11. Bd2 O-O 12. Rac1 Qxc5 13. Nd5 Nxd5 14. Rxc5 Bxc5
15. e4 Nf6 16. Bc2 Rc8 17. e5 Nfd7 18. Be4 Bxe4 19. Qxe4 Ra7 20. Rc1 Rac7 21.
Kf1 Bf8 22. Rxc7 Rxc7 23. Ng5 g6 24. Qf4 Nc5 25. Qh4 h6 26. Nf3 Nc6 27. Bxh6
Bxh6 28. Qxh6 Nd7 29. Qd2 Ndb8 30. g4 Rd7 31. Qh6 b4 32. Ng5 a5 33. Ne4 1-0

[Event "ST Grächen VS"]
[Site "?"]
[Date "2013.??.??"]
[Round "1"]
[White "Binder, Beat"]
[Black "Vucenovic, Dragomir"]
[Result "0-1"]
[WhiteElo "1987"]
[BlackElo "2271"]
[PlyCount "90"]
[SourceDate "2013.07.11"]

1. d4 d5 2. e3 Nf6 3. Bd3 g6 4. Nd2 Bg7 5. f4 c5 6. c3 b6 7. Ngf3 O-O 8. Ne5
Nfd7 9. Qf3 Nxe5 10. dxe5 Ba6 11. Bxa6 Nxa6 12. O-O Qd7 13. Qe2 Nc7 14. Nf3 f6
15. exf6 exf6 16. Rd1 Qe6 17. Qc2 f5 18. Qf2 Rfe8 19. h3 h6 20. Qg3 Kh7 21. h4
Bf6 22. Rf1 Nb5 23. Qh3 Nd6 24. h5 g5 25. fxg5 hxg5 26. Qh2 Ne4 27. Nd2 Be5 28.
Qh3 Nd6 29. g3 g4 30. Qg2 Bg7 31. Re1 Rad8 32. Kf2 d4 33. cxd4 cxd4 34. Nf1
Ne4+ 35. Kg1 Ng5 36. Nh2 d3 37. Bd2 Bxb2 38. Rab1 Ba3 39. e4 Nxe4 40. Bg5 Bc5+
41. Kh1 Rd7 42. Nf1 Qf7 43. Be3 d2 44. Nxd2 Nxd2 45. Bxd2 Qxh5+ 0-1

[Event "ST Grächen VS"]
[Site "?"]
[Date "2013.??.??"]
[Round "1"]
[White "Bhend, Edwin"]
[Black "Morf, Jürg"]
[Result "1-0"]
[WhiteElo "2249"]
[BlackElo "1982"]
[PlyCount "81"]
[SourceDate "2013.07.11"]

1. b3 e5 2. Bb2 d6 3. g3 Nf6 4. Bg2 c6 5. c4 Nbd7 6. Nc3 Be7 7. e3 O-O 8. Nge2
Qc7 9. O-O Nc5 10. d4 Ne6 11. h3 e4 12. Kh2 d5 13. Rc1 Qd7 14. Ng1 Ng5 15. Nb1
h5 16. Nd2 Bd6 17. f4 exf3 18. Ndxf3 Nxf3+ 19. Nxf3 Ne4 20. Ne5 Qe6 21. cxd5
cxd5 22. Qxh5 Qh6 23. Qxh6 gxh6 24. Bxe4 dxe4 25. Nc4 Be7 26. Ba3 Bxa3 27. Nxa3
Bd7 28. Rf6 Kg7 29. Rd6 Rfd8 30. g4 Bc6 31. Rxd8 Rxd8 32. Kg3 f6 33. Nb1 Kg6
34. Rc5 Rd5 35. Rxd5 Bxd5 36. Nc3 Be6 37. Nxe4 f5 38. Nc5 Bc8 39. Kf4 fxg4 40.
hxg4 b6 41. Nd3 1-0